Pensamientos marianos de los padres de la iglesia / (Registro nro. 57641)
[ vista simple ]
| 000 -LEADER | |
|---|---|
| fixed length control field | 01260nam a2200325 i 4500 |
| 001 - CONTROL NUMBER | |
| control field | 57641 |
| 003 - CONTROL NUMBER IDENTIFIER | |
| control field | Mx-PuUPA |
| 005 - DATE AND TIME OF LATEST TRANSACTION | |
| control field | 20250312150915.0 |
| 008 - FIXED-LENGTH DATA ELEMENTS--GENERAL INFORMATION | |
| fixed length control field | 140415s2010 mx gr 001 0 spa d |
| 020 ## - INTERNATIONAL STANDARD BOOK NUMBER | |
| International Standard Book Number | 9786077795612 |
| 040 ## - CATALOGING SOURCE | |
| Transcribing agency | Mx-PuUPA |
| Original cataloging agency | Mx-PuUPA |
| Language of cataloging | spa |
| Modifying agency | Mx-PuUPA |
| Description conventions | rda |
| 041 1# - LANGUAGE CODE | |
| Language code of text/sound track or separate title | spa |
| Language code of original | ita |
| 100 1# - MAIN ENTRY--PERSONAL NAME | |
| Personal name | Pappalardo, Marco, |
| Relator term | autor |
| 9 (RLIN) | 16679 |
| 240 1# - UNIFORM TITLE | |
| Uniform title | Pensieri Mariani dei padri della chiesa. |
| Language of a work | Español |
| 245 10 - TITLE STATEMENT | |
| Title | Pensamientos marianos de los padres de la iglesia / |
| Statement of responsibility, etc. | Marco Pappalardo ; traductor, Carlos Villalobos |
| 250 ## - EDITION STATEMENT | |
| Edition statement | Primera edición / |
| Remainder of edition statement | septiembre |
| 264 #1 - PRODUCTION, PUBLICATION, DISTRIBUTION, MANUFACTURE, AND COPYRIGHT NOTICE | |
| Place of production, publication, distribution, manufacture | México : |
| Name of producer, publisher, distributor, manufacturer | Obra Nacional de la Buena Prensa, |
| Date of production, publication, distribution, manufacture, or copyright notice | 2010 |
| 300 ## - PHYSICAL DESCRIPTION | |
| Extent | 48 páginas ; |
| Dimensions | 21 cm |
| 336 ## - CONTENT TYPE | |
| Fuente | rdacontent |
| Content type term | texto |
| Content type code | txt |
| 337 ## - MEDIA TYPE | |
| Source | rdamedia |
| Media type term | sin medio |
| Media type code | n |
| 338 ## - CARRIER TYPE | |
| Source | rdacarrier |
| Carrier type term | volumen |
| Carrier type code | nc |
| 600 04 - SUBJECT ADDED ENTRY--PERSONAL NAME | |
| Personal name | Madonna |
| General subdivision | Concesión |
| -- | Padres de la Iglesia |
| 600 04 - SUBJECT ADDED ENTRY--PERSONAL NAME | |
| Personal name | Madonna |
| General subdivision | Meditaciones |
| 700 1# - ADDED ENTRY--PERSONAL NAME | |
| Personal name | Villalobos, Carlos, |
| Relator term | traductor |
| 765 0# - ORIGINAL LANGUAGE ENTRY | |
| Main entry heading | Pappalardo, Marco |
| Title | Pensieri Mariani dei padri della chiesa |
| Place, publisher, and date of publication | Libreria Editrice Vaticana, 2010. |
| International Standard Book Number | 9788820983871 |
| 942 ## - ADDED ENTRY ELEMENTS (KOHA) | |
| Source of classification or shelving scheme | Dewey Decimal Classification |
| Koha item type | Libro |
| Classification part | 270 |
| Item part | P2318 |
| Withdrawn status | Lost status | Source of classification or shelving scheme | Damaged status | Not for loan | Collection code | Home library | Current library | Shelving location | Date acquired | Source of acquisition | Cost, normal purchase price | Total Checkouts | Full call number | Barcode | Date last seen | Cost, replacement price | Price effective from | Koha item type |
|---|---|---|---|---|---|---|---|---|---|---|---|---|---|---|---|---|---|---|
| Dewey Decimal Classification | General | Biblioteca Karol Wojtyla | Biblioteca Karol Wojtyla | Sala general | 22/01/2025 | 1 | 152.00 | 270 P2318 2010 | 105862 | 05/01/2026 | 152.00 | 22/01/2025 | Libro |